|
|
|
|
| LEADER |
00000nam a2200000 4500 |
| 001 |
vtls011919527 |
| 003 |
SK-MaSNL |
| 005 |
20260330101313.0 |
| 008 |
200224s2019 xr a g 000 0 cze |
| 020 |
|
|
|a 9788088168492
|q (brožované)
|
| 040 |
|
|
|a SNK
|b slo
|c SNK
|e rda
|
| 041 |
0 |
|
|a cze
|
| 044 |
|
|
|a xr
|c CZ
|
| 072 |
|
7 |
|a 003
|x Systémy písania a písma
|2 konspekt
|
| 072 |
|
7 |
|a 004
|x Počítačová veda. Výpočtová technika. Informačné technológie
|2 konspekt
|
| 080 |
|
|
|a 003.26
|2 2011
|
| 080 |
|
|
|a 004.056.55
|2 2011
|
| 080 |
|
|
|a 004.056
|2 2011
|
| 100 |
1 |
|
|a Burda, Karel
|4 aut
|9 564607
|
| 245 |
1 |
0 |
|a Kryptografie okolo nás
|c Karel Burda
|
| 250 |
|
|
|a 1. vydání
|
| 264 |
|
1 |
|a Praha
|b CZ.NIC, z.s.p.o.
|c 2019
|
| 300 |
|
|
|a 128 strán
|b ilustrácie
|c 25 cm
|
| 336 |
|
|
|a text
|b txt
|2 rdacontent
|
| 337 |
|
|
|a bez média
|b n
|2 rdamedia
|
| 338 |
|
|
|a zväzok
|b nc
|2 rdacarrier
|
| 490 |
1 |
|
|a CZ.NIC
|v 24. publikace
|
| 504 |
|
|
|a Obsahuje bibliografiu na strane 127-128
|
| 650 |
0 |
7 |
|a kryptografia
|2 SNKPH
|9 4090
|
| 650 |
0 |
7 |
|a šifrovanie
|2 SNKPH
|9 1883
|
| 650 |
0 |
7 |
|a informačná bezpečnosť
|2 SNKPH
|9 72884
|
| 650 |
0 |
7 |
|a Cryptography
|2 SNKPHeng
|9 411356
|
| 650 |
0 |
7 |
|a Data encryption
|2 SNKPHeng
|9 411357
|
| 650 |
0 |
7 |
|a Information security
|2 SNKPHeng
|9 303264
|
| 830 |
|
0 |
|a CZ.NIC
|9 353363
|
| 919 |
|
|
|a 978-80-88168-49-2
|
| 958 |
|
|
|a NB
|
| 999 |
|
|
|c 865933
|d 867863
|
| 952 |
|
|
|t snkBUR 003.26
|a SNKUST
|b SNKUST
|y PREZ
|7 0
|p 17A1445100
|o snkIC 145470
|i snk2020/19491
|8 3
|g 7.29
|0 0
|1 0
|4 0
|d 2020-10-22
|l 0
|r 2025-03-19 00:00:00
|w 2026-02-24
|